Tour de France 2021 stage winners - Statistics

General Stats
  • This quiz has been taken 83 times
  • The average score is 17 of 21
Answer Stats
Stage Type Country Winner % Correct
5 Individuel time trial Tadej Pogacar
100%
17 Mountain Tadej Pogacar
100%
18 Mountain Tadej Pogacar
100%
11 Mountain Wout van Aert
97%
20 Individuel time trial Wout van Aert
97%
21 Flat Wout van Aert
97%
4 Flat Mark Cavendish
96%
6 Flat Mark Cavendish
96%
10 Flat Mark Cavendish
96%
13 Flat Mark Cavendish
96%
1 Hilly Julian Alaphilippe
93%
7 Medium mountain Matej Mohoric
87%
19 Flat Matej Mohoric
87%
2 Medium mountain Mathieu van der Poel
87%
15 Mountain Sepp Kuss
69%
9 Mountain Ben O'Connor
57%
3 Flat Tim Merlier
56%
8 Mountain Dylan Teuns
44%
12 Flat Nils Politt
44%
16 Medium mountain Patrick Konrad
44%
14 Medium mountain Bauke Mollema
43%
No matching quizzes found
Score Distribution
Percent of People with Each Score
Percentile by Number Answered
Your Score History
You have not taken this quiz